| 000 | 00670nam a2200157 i 4500 | ||
|---|---|---|---|
| 001 | 29694 | ||
| 003 | ES-MaACL | ||
| 005 | 20230906154056.0 | ||
| 007 | t| | ||
| 008 | 030122s1903 sp ||||1| spa d | ||
| 100 | 1 |
_aBarrera y Vázquez, Manuel. _925935 |
|
| 245 | 1 | 0 |
_aBreve exposición según las enseñanzas de la filosofía cristiana del derecho, de la naturaleza de la ley en general, de las leyes eterna, natural y humana, y de sus conflictos _b: discurso leído en el ejercicio de grado de doctor en derecho / _cpor Manuel Barrera y Vázquez. |
| 260 |
_aLugo : _b[s.n.], _c1903 ( _fTip. de G. Castro) |
||
| 300 |
_a57 p. ; _c21 cm. |
||
| 852 |
_aES-MaACL _jT-1031-F-8 |
||
| 999 |
_c29694 _d29694 |
||